000 00663cam a22002293a 4500
001 570
003 PGUSA
005 20140828082950.0
008 960601s1996||||xxu|||||s|||||000 | eng d
040 _aPGUSA
_beng
042 _adc
050 4 _aBX
100 1 _aFries, Adelaide L.
_q(Adelaide Lisetta),
_d1871-1949
245 1 4 _aThe Moravians in Georgia, 1735-1740
_h[electronic resource] /
_cAdelaide L. Fries
260 _bProject Gutenberg,
_c1996
506 _aPublic domain in the USA.
516 _aElectronic text
653 _aMoravians -- Georgia
830 0 _aProject Gutenberg
_v570
856 4 0 _uhttp://www.gutenberg.org/ebooks/570
942 _cEB
999 _c229921
_d229921